Normal view MARC view
  • India

Entry Geographic Name

Number of records used in: 8

001 - CONTROL NUMBER

  • control field: 3825

003 - CONTROL NUMBER IDENTIFIER

  • control field: NUST

005 - DATE AND TIME OF LATEST TRANSACTION

  • control field: 20170807125155.0

008 - FIXED-LENGTH DATA ELEMENTS

  • fixed length control field: 170807|| aca||aabn | a|a d

040 ## - CATALOGING SOURCE

  • Original cataloging agency: NUST
  • Transcribing agency: NUST

151 ## - HEADING--GEOGRAPHIC NAME

  • Geographic name: India
  • General subdivision: History
  • Chronological subdivision: British occupation, 1765-1947.

670 ## - SOURCE DATA FOUND

  • Source citation: Work cat.: (NUST)0: Smyth, George Carmichael, ed. 3822, A history of the reigning family of Lahore,, 1996
© 2023 Central Library, National University of Sciences and Technology. All Rights Reserved.